000 00407nam a2200181Ia 4500
001 10093
005 20260306161806.0
008 260306t1970||||xx |||||||||||||| ||spa||
041 _aESP
082 _aRU 891.7
_bC539
100 _aChejov, Anton P.
_eAUT
245 0 _aNarraciones
260 _c1970
300 _a170páginas :
_c18cm.
650 _aGEN
654 _aCHU
942 _cLIB
_dJUS
_fJUS
_2ddc
_n
999 _c10093
_d10093